[Event "THA-chT"]
[Site "Bangkok"]
[Date "2015.12.12"]
[Round "7.1"]
[White "Laohawirapap, Prin"]
[Black "Phisitkul, Victor Djasli"]
[Result "1-0"]
[WhiteElo "1333"]
[BlackElo "1510"]
[PlyCount "141"]
[EventDate "2015.12.04"]
[EventType "team-swiss"]
[EventRounds "9"]
[EventCountry "THA"]
[SourceTitle "EXT 2017"]
[Source "ChessBase"]
[SourceDate "2016.10.25"]
[SourceVersion "1"]
[SourceVersionDate "2016.10.25"]
[SourceQuality "1"]
[WhiteTeam "KUS Assassins"]
[BlackTeam "Chonburi JCA Rising Star II"]
[WhiteTeamCountry "THA"]
[BlackTeamCountry "THA"]

1. e4 e6 2. d4 d5 3. Nc3 Nf6 4. Bd3 c5 5. Be3 Qb6 6. Bb5+ Nc6 7. f3 a6 8. Bxc6+ bxc6 9. Rb1 Qa7 10. Nge2 Be7 11. 0-0 0-0 12. Qd2 Rb8 13. Ng3 Rd8 14. Qf2 dxe4 15. dxc5 exf3 16. Qxf3 Bxc5 17. Bxc5 Qxc5+ 18. Kh1 Bb7 19. a3 Rf8 20. Nce4 Nxe4 21. Qxe4 Qd5 22. Qg4 c5 23. Rg1 Rbe8 24. Nh5 Qe5 25. Rgf1 Kh8 26. c3 f5 27. Qg5 g6 28. Rbc1 Qd5 29. Nf6 Rxf6 30. Qxf6+ Kg8 31. Qg5 Re7 32. Rg1 Re8 33. Rcd1 Qc6 34. Rd8 Rxd8 35. Qxd8+ Kg7 36. Qd2 Qd5 37. Qxd5 Bxd5 38. b4 cxb4 39. axb4 Bc4 40. Re1 Kf6 41. g3 h5 42. Kg2 e5 43. Kf2 e4 44. Ke3 Ke5 45. h4 Bb5 46. Ra1 Bc4 47. Ra5+ Ke6 48. Kd4 Bb5 49. c4 Bc6 50. Rxa6 Kd7 51. b5 Bb7 52. Rxg6 Kc7 53. c5 Kc8 54. c6 Bxc6 55. bxc6 Kc7 56. Ke5 e3 57. Kxf5 e2 58. Re6 e1Q 59. Rxe1 Kxc6 60. Rd1 Kc5 61. Ke5 Kc4 62. Rd5 Kc3 63. Rd4 Kc2 64. Ke4 Kc3 65. Ke3 Kc2 66. Rd3 Kb2 67. Kd2 Kb1 68. Rc3 Kb2 69. Kd3 Ka2 70. Kc2 Ka1 71. Ra3# 1-0